[Event "Oberfranken-ch U16"]
[Site "Schney"]
[Date "2015.01.04"]
[Round "3"]
[White "Geiger, Alexander"]
[Black "Kleinschmidt, Thomas"]
[Result "1/2-1/2"]
[WhiteElo "1028"]
[BlackElo "1306"]
[PlyCount "60"]
[EventDate "2015.01.03"]
[EventType "swiss"]
[EventRounds "7"]
[EventCountry "GER"]
[SourceTitle "CBM 164 Extra"]
[Source "ChessBase"]
[SourceDate "2015.03.02"]
[SourceVersion "1"]
[SourceVersionDate "2015.03.02"]
[SourceQuality "1"]

1. Nf3 d5 2. d4 Nf6 3. c4 e6 4. Bg5 Bb4+ 5. Nc3 0-0 6. e3 Nc6 7. Bd3 dxc4 8. Bxc4 h6 9. Bh4 Be7 10. 0-0 Ng4 11. Bxe7 Qxe7 12. h3 Nf6 13. Qe2 Bd7 14. Rfd1 a6 15. Rac1 Rad8 16. a3 Rfe8 17. Rc2 b5 18. Ba2 b4 19. axb4 Nxb4 20. Rcc1 Nxa2 21. Nxa2 Bb5 22. Qc2 Nd5 23. Nc3 Nxc3 24. bxc3 Qd7 25. Qa2 Ra8 26. Ne5 Qd6 27. c4 Bc6 28. c5 Qd5 29. Qxd5 Bxd5 30. Ra1 c6 1/2-1/2

[Event "Oberfranken-ch U14 1213"]
[Site "Schney"]
[Date "2013.01.03"]
[Round "2"]
[White "Giesbrecht, Denis"]
[Black "Geiger, Alexander"]
[Result "1-0"]
[WhiteElo "731"]
[BlackElo "959"]
[PlyCount "71"]
[EventDate "2013.01.03"]
[EventType "swiss"]
[EventRounds "7"]
[EventCountry "GER"]
[SourceTitle "EXT 2015"]
[Source "ChessBase"]
[SourceDate "2014.11.20"]
[SourceVersion "1"]
[SourceVersionDate "2014.11.20"]
[SourceQuality "1"]

1. e4 e5 2. Nf3 Nc6 3. Bc4 Be7 4. 0-0 Nf6 5. Nc3 0-0 6. d3 a6 7. Bg5 Nd4 8. Nd5 Nxd5 9. Bxe7 Qxe7 10. Bxd5 c6 11. Bc4 b5 12. Bb3 Nxb3 13. axb3 d5 14. exd5 cxd5 15. Re1 f6 16. d4 Qd6 17. dxe5 fxe5 18. Rxe5 Qg6 19. Qxd5+ Kh8 20. Qxa8 Rg8 21. Nh4 Qf6 22. Rae1 Qxh4 23. Re8 Qg4 24. Rxc8 h6 25. Rxg8+ Kh7 26. Qe4+ Qxe4 27. Rxe4 Kxg8 28. f4 Kf7 29. c4 g5 30. c5 gxf4 31. c6 f3 32. c7 f2+ 33. Kxf2 Kf6 34. c8Q Kg6 35. Qe6+ Kh7 36. Qf7+ 1-0

[Event "Oberfranken-ch U14 1213"]
[Site "Schney"]
[Date "2013.01.03"]
[Round "4"]
[White "Lang, David1111"]
[Black "Geiger, Alexander"]
[Result "1/2-1/2"]
[WhiteElo "740"]
[BlackElo "959"]
[PlyCount "89"]
[EventDate "2013.01.03"]
[EventType "swiss"]
[EventRounds "7"]
[EventCountry "GER"]
[SourceTitle "EXT 2015"]
[Source "ChessBase"]
[SourceDate "2014.11.20"]
[SourceVersion "1"]
[SourceVersionDate "2014.11.20"]
[SourceQuality "1"]

1. d4 d5 2. Nf3 Nc6 3. Nc3 Bf5 4. Bg5 Nb4 5. Rc1 f6 6. Bf4 e6 7. e3 g5 8. Bg3 h5 9. h4 g4 10. Nh2 Qd7 11. Bd3 Nxd3+ 12. cxd3 0-0-0 13. e4 dxe4 14. dxe4 Bg6 15. 0-0 Qxd4 16. Qxd4 Rxd4 17. Rfe1 Bd6 18. Nb5 Bxg3 19. Nxd4 Bxh2+ 20. Kxh2 e5 21. Nb5 c6 22. Nxa7+ Kb8 23. Nxc6+ bxc6 24. Rxc6 Ne7 25. Rb6+ Ka7 26. Rxf6 Rd8 27. f3 gxf3 28. gxf3 Bh7 29. b4 Nc8 30. a4 Rd4 31. Rb1 Nb6 32. Rf7+ Rd7 33. Rxd7+ Nxd7 34. a5 Bg8 35. b5 Bc4 36. b6+ Kb7 37. Ra1 Nc5 38. Rc1 Nb3 39. Rxc4 Nxa5 40. Rb4 Nc6 41. Rb5 Nd4 42. Rxe5 Nxf3+ 43. Kg3 Nxe5 44. Kf4 Ng6+ 45. Kg5 1/2-1/2